000
00307 a2200145 4500
001
153365
040
_c
Escola São Tomás de Aquino
100
_a
PAES, José Paulo
240
1
0
_a
Poesias
_l
por
245
1
0
_a
Poesias
362
0
_a
2012
440
1
_a
Ática
697
_a
*LITERATURA JUVENIL
942
_c
BK
999
_c
153365
_d
153365